Library Banner

Cognitive neuroscience : (Record no. 107395)

MARC details
000 -LEADER
fixed length control field 00472cam a22001695i 4500
001 - CONTROL NUMBER
control field 19037594
005 - DATE AND TIME OF LATEST TRANSACTION
control field 20180908105642.0
008 - FIXED-LENGTH DATA ELEMENTS--GENERAL INFORMATION
fixed length control field 160331s2016 nyu 000 0 eng
020 ## - INTERNATIONAL STANDARD BOOK NUMBER
International Standard Book Number 9780198786221
040 ## - CATALOGING SOURCE
Transcribing agency PK-LaUMT
082 ## - DEWEY DECIMAL CLASSIFICATION NUMBER
Classification number 612.8233
Item number PAS-C
100 1# - MAIN ENTRY--PERSONAL NAME
Personal name Passingham, Richard
245 10 - TITLE STATEMENT
Title Cognitive neuroscience :
Remainder of title a very short introduction /
Statement of responsibility, etc Richard Passingham
260 ## - PUBLICATION, DISTRIBUTION, ETC. (IMPRINT)
Place of publication, distribution, etc Oxford :
Name of publisher, distributor, etc Oxford University Press,
Date of publication, distribution, etc 2016
300 ## - PHYSICAL DESCRIPTION
Extent 134 p.
942 ## - ADDED ENTRY ELEMENTS (KOHA)
Koha item type Books
Holdings
Withdrawn status Lost status Damaged status Home library Current library Date acquired Full call number Barcode Date last seen Price effective from Koha item type
      UMT Main Campus UMT Main Campus 2018-09-08 612.8233 PAS-C 124405 2026-04-02 2018-09-08 Books